Schedius Lajos esztétikai elmélete.
Elmentve itt :
| Szerző: | |
|---|---|
| Adatforrás: | Philobibl |
| Dokumentumtípus: | Könyv |
| Nyelv: | magyar |
| Megjelent: |
Bp.
Magyar Tudományos Akadémia.
1916
|
| Sorozat: | Értekezések a nyelv és széptudományok köréből. 23. kötet. 6.sz.
|
| LEADER | 00494nam a2200133 c 4500 | ||
|---|---|---|---|
| 001 | bibDOK00024424 | ||
| 005 | 20200924121848.3 | ||
| 008 | 060518s1916 hu hun | ||
| 100 | 1 | |a Jánosi Béla | |
| 245 | 1 | 0 | |a Schedius Lajos esztétikai elmélete. |c Jánosi Béla |
| 260 | |a Bp. |b Magyar Tudományos Akadémia. |c 1916 | ||
| 300 | |a 57 p. p. | ||
| 490 | 1 | |a Értekezések a nyelv és széptudományok köréből. 23. kötet. 6.sz. | |
| 830 | 0 | |a Értekezések a nyelv és széptudományok köréből. 23. kötet. 6.sz. | |